Разработка автоматических систем с импульсным и релейным регулированием возбуждения электрических машин; Итоги исследований по электромеханике за 50 лет: 1917-1967

書誌詳細
Parent link:Итоги исследований по электромеханике за 50 лет: 1917-1967.— 1967.— С. 112-120
第一著者: Зайцев А. И. Александр Иванович
その他の著者: Зайцев А. П. Александр Петрович, Гачик Р. К.
言語:ロシア語
出版事項: 1967
主題:
フォーマット: 図書の章
KOHA link:https://koha.lib.tpu.ru/cgi-bin/koha/opac-detail.pl?biblionumber=175431

MARC

LEADER 00000naa2a2200000 4500
001 175431
005 20231031165101.0
035 |a (RuTPU)RU\TPU\book\190217 
035 |a RU\TPU\tpu\4823 
090 |a 175431 
100 |a 20100212d1967 k y0rusy50 ca 
101 0 |a rus 
102 |a RU 
200 1 |a Разработка автоматических систем с импульсным и релейным регулированием возбуждения электрических машин  |f А. И. Зайцев, А. П. Зайцев, Р. К. Гачик 
320 |a Библиогр.: 11 назв. 
463 0 |0 (RuTPU)RU\TPU\book\103769  |t Итоги исследований по электромеханике за 50 лет: 1917-1967  |o труды межвузовской научной конференции, посвященной 50-летию Великой Октябрьской социалистической революции  |f Томский государственный университет  |v С. 112-120  |d 1967  |p 122 с. 
610 1 |a радиоэлектроника 
610 1 |a труды учёных ТПУ 
700 1 |a Зайцев  |b А. И.  |c российский ученый, специалист в области энергетики  |c профессор Томского политехнического института  |f 1923-  |g Александр Иванович  |2 stltpush  |3 (RuTPU)RU\TPU\pers\19789 
701 1 |a Зайцев  |b А. П.  |c специалист в области автоматического управления  |c доцент Томского политехнического университета  |f 1937-  |g Александр Петрович  |2 stltpush  |3 (RuTPU)RU\TPU\pers\29358 
701 1 |a Гачик  |b Р. К. 
801 0 |a RU  |b 63413507  |c 20011210  |g PSBO 
801 2 |a RU  |b 63413507  |c 20220301  |g PSBO 
942 |c BK